| 000 | 00578nam a22002057a 4500 | ||
|---|---|---|---|
| 003 | OSt | ||
| 005 | 20180116192412.0 | ||
| 008 | 121213t1998 xxu||||| |||| 00| 0 eng d | ||
| 020 | _a 0714842036 | ||
| 020 | _a 9780714842035 | ||
| 040 | _c0 | ||
| 082 | _a724.6 | ||
| 100 | 1 |
_aPearman, Hugh. _96130 |
|
| 245 | 1 | 0 |
_aContemporary world architecture / _cHugh Pearman. |
| 260 |
_aLondon : _bPhaidon Press, _c1998. |
||
| 300 |
_a 511 p. : _bill; _c29 cm. |
||
| 650 |
_aArchitecture, Modern _96131 |
||
| 942 |
_2ddc _cREF |
||
| 999 |
_c353595 _d353595 |
||